000 00565cam a22002291 4500
001 sa 68009299
003 DLC
005 20260227112542.0
008 940712s1968 ii c 000 0 telo
010 _asa 68009299
025 _aPL480:I-Te-1711
035 _a(OCoLC)30753661
040 _aDLC
_cCU
_dCU
_dDLC
042 _apremarc
050 0 0 _aDS485.A55
_bA6
100 0 _aAbhilāṣi.
245 1 0 _aManaratha sārathulu.
260 _c[1968]
300 _a232 p.
_bports.
_c19 cm.
500 _aIn Telugu.
651 0 _aAndhra Pradesh (India)
_vBiography.
999 _c82853
_d82853